000 00250nam a2200109Ia 4500
005 20251222144714.0
008 251222s9999||||xx |||||||||||||| ||spa||
082 _a287.4/C46
245 0 _aMarĂ­a, Madre de la Iglesia:
264 _bCETE
942 _cLIB
999 _c17931
_d17931